书目信息 |
| 题名: |
任继愈谈朱熹·王阳明·王夫之
|
|
| 作者: | 任继愈 著 | |
| 分册: | ||
| 出版信息: | 北京 石油工业出版社 2018 |
|
| 页数: | 296页 | |
| 开本: | 21cm | |
| 丛书名: | ||
| 单 册: | ||
| 中图分类: | B224.05 | |
| 科图分类: | ||
| 主题词: | 理学--研究 | |
| 电子资源: | ||
| ISBN: | 978-7-5183-2352-4 | |
| 000 | 00886nam0 2200241 450 | |
| 001 | 012001003518 | |
| 005 | 20140926114740.0 | |
| 010 | @a978-7-5183-2352-4@dCNY39.80 | |
| 100 | @a20180315d2018 em y0chiy50 ea | |
| 101 | 0 | @achi |
| 102 | @aCN@b110000 | |
| 105 | @ay z 000yy | |
| 106 | @ar | |
| 200 | 1 | @a任继愈谈朱熹·王阳明·王夫之@9ren ji yu tan zhu xi · wang yang ming · wang fu zhi@f任继愈著 |
| 210 | @a北京@c石油工业出版社@d2018 | |
| 215 | @a296页@d21cm | |
| 300 | @a任继愈玄学·理学系列 | |
| 330 | @a本书是任继愈先生撰写的关于朱熹、王阳明、王夫之等历史人物及其作品的国学通俗读物,含《宋明理学家的教育哲学》《王守仁的主观唯心主义哲学思想》《李贽思想的进步性》《伟大的唯物主义者王夫之》等文章。 | |
| 606 | 0 | @a理学@x研究 |
| 690 | @aB224.05@v5 | |
| 701 | 0 | @a任继愈@9ren ji yu@f(1916-2009)@4著 |
| 801 | 0 | @aCN@b上海新华@c20180901 |
| 905 | @b1163014-8@dB224.05@e859@f5 | |
| 任继愈谈朱熹·王阳明·王夫之/任继愈著.-北京:石油工业出版社,2018 |
| 296页;21cm |
| 任继愈玄学·理学系列 |
| ISBN 978-7-5183-2352-4:CNY39.80 |
| 本书是任继愈先生撰写的关于朱熹、王阳明、王夫之等历史人物及其作品的国学通俗读物,含《宋明理学家的教育哲学》《王守仁的主观唯心主义哲学思想》《李贽思想的进步性》《伟大的唯物主义者王夫之》等文章。 |
| ● |
| 相关链接 |
|
|
|
|
正题名:任继愈谈朱熹·王阳明·王夫之
索取号:B224.05/859
 
预约/预借
| 序号 | 登录号 | 条形码 | 馆藏地/架位号 | 状态 | 备注 |
| 1 | 1163014 | 211630145 | 第一样本阅览室/ [索取号:B224.05/859] | 在馆 | |
| 2 | 1163015 | 211630154 | 第一借阅区/ [索取号:B224.05/859] | 在馆 | |
| 3 | 1163016 | 211630163 | 第一借阅区/ [索取号:B224.05/859] | 在馆 | |
| 4 | 1163017 | 211630172 | 第一借阅区/ [索取号:B224.05/859] | 在馆 | |
| 5 | 1163018 | 211630181 | 第一借阅区/ [索取号:B224.05/859] | 在馆 |